| 000 | 00581nam a2200205 a 4500 | ||
|---|---|---|---|
| 005 | 20240806064113.0 | ||
| 008 | 991125s1990 mx 000 0 spa u | ||
| 020 | _a9688530840 | ||
| 035 | _aUPN01000007675 | ||
| 049 | _aCG | ||
| 050 | 4 |
_aBF713 _bE7.48 |
|
| 100 | 1 |
_aErikson, Erik Homburger, _d1902-1994 |
|
| 245 | 1 | 3 |
_aEl ciclo vital completado / _cErik H. Erikson ; tr Eduardo Prieto. |
| 260 |
_aMéxico : _bPaidós, _c1990. |
||
| 300 | _a141 p. | ||
| 440 | 0 |
_aPaidós studio ; _v51 |
|
| 650 | 4 |
_aPsicoanálisis _91572 |
|
| 650 | 4 |
_aPsicología evolutiva _98053 |
|
| 905 | _aLibro | ||
| 999 |
_c7675 _d7675 |
||